Marques par slogan - Statistiques

Statistiques générales
  • Ce quiz a été pris 920 fois
  • Le résultat moyen est 12 sur 38
Statistiques - réponses
Slogan Marque % Correct
Juste Do It Nike
88%
C’est beau la vie, pour les grands et les petits ! Haribo
81%
En avant les histoires Playmobil
69%
Tous unis contre la vie chère Intermarché
68%
Les nouveaux commerçants ! U
68%
Parce que je le vaux bien L'Oréal
60%
C'est fort en chocolat Chocapic
58%
A fond la forme Decathlon
53%
Par Amour du goût Amora
48%
I'm lovin' it McDonald's
45%
Impossible is nothing Adidas
44%
La perfection au masculin Gillette
44%
Qui peut te battre ? Croustibat
42%
Avec vous de A à Z Allianz
39%
Et ça repart ! Mars
37%
Faire du ciel le plus bel endroit de la terre Air France
32%
Think Different Apple
31%
Pour que l’automobile soit toujours un plaisir Peugeot
31%
Parce que le monde bouge CIC
30%
Le contrat de confiance Darty
25%
Le fromage des gastronomes en culottes courtes Kiri
21%
Nous, c’est le gout Quick
21%
Le tigre est en toi Frosties
19%
Il en faut de l’énergie pour être un enfant Nutella
18%
On parie que vous allez gagner PMU
18%
Un café nommé désir Carte Noire
17%
Le plaisir de conduire BMW
16%
It's in the game Electronic Arts
16%
On en a une énorme envie Nesquick
14%
C’est plus fort que toi Sega
8%
Feel the difference Ford
6%
C’est ceux qui en parlent le moins qui en mangent le plus McCain
5%
Le déclic fraîcheur Mentos
4%
Le pays où la vie est moins chère Conforama
3%
Hurlez de plaisir Zalando
3%
You can Canon
1%
Open your world Heineken
1%
Tu n’y arriveras pas mieux, mais plus longtemps ! Ovomaltine
1%
Aucun quiz correspondant
Distribution des résultats
% des personnes avec chaque résultat
Percentile par nombre de réponses
Votre historique - résultats
Vous n’avez pas pris ce quiz